000 00926nam a2200265Ia 4500
003 OSt
005 20220923211128.0
006 a|||||r|||| 00| 0
007 ta
008 220922b |||||||| |||| 00| 0 hin d
020 _a818502345X (hbk)
_c35
024 _a203,698
037 _cTextual
040 _aARTS
_cARTS
_bhin
041 _2hin
_ahin
082 _aO157,3NDU,MK, 152M6
100 _aदत्त, रमेशचंद्र; सरकार, अमल, अनु.
_9158539
245 0 _aमाधवी कंकण
246 _aMādhavī kankaṇa
260 _aदिल्ली
_b शारदा प्रका0
_c1986
300 _a102पृ.
_ccm.
650 _aबंगाली साहित्य
_9156264
942 _hO157,3NDU,MK, 152M6
_cTEXL
_2CC
999 _c295689
_d295689